Statistics for U.S. Cities That Start With B on a Map

Click here to take the quiz!

General Stats

  • This quiz has been taken 88 times
    (81 since last reset)
  • The average score is 18 of 34

Answers on the Map

Answers color-coded by a green-red scale on the quiz's map according to % correct below.
Loading ...
 

Answer Stats

City% Correct
Birmingham
94%
Boston
94%
Baton Rouge
93%
Buffalo
93%
Boise
91%
Billings
85%
Baltimore
83%
Bismark
76%
Bakersfield
74%
Boulder
69%
Brownsville
69%
Burlington
67%
Bridgeport
56%
Bellevue
54%
Biloxi
54%
Barrow
48%
Berkeley
46%
Bozeman
44%
Boca Raton
43%
Bend
41%
Broken Arrow
41%
Butte
41%
Beaumont
35%
Bellingham
33%
Bloomington
31%
Bowling Green
31%
Beaverton
30%
Binghamton
30%
Branson
22%
Battle Creek
20%
Bethlehem
20%
Blacksburg
20%
Bentonville
19%
Bremerton
15%

Score Distribution

Percentile by Number Answered

Percent of People with Each Score

Your Score History

You have not taken this quiz since the last reset